Revitalizace toků : příspěvek k problematice úprav vodních toků

Saved in:
Bibliographic Details
Main Author Šlezingr, Miloslav, 1960- (Author)
Format Book
LanguageCzech
Published Brno : VUTIUM, 2010
Edition1. vyd.
Subjects
ISBN9788021439429
Physical Description255 s. : il. (převážně barev.) ; 23 cm

Cover

LEADER 00000cam a2200000 a 4500
001 60069
003 CZ-ZlUTB
005 20190826003106.0
007 ta
008 090925s2010 xr a e 001 0 cze
015 |a cnb001996354 
020 |a 9788021439429  |q (brož.) 
035 |a (OCoLC)703547501 
040 |a ABA001  |b cze  |d ZLD002 
072 7 |a 502  |x Životní prostředí a jeho ochrana  |2 Konspekt  |9 2 
080 |a 502.51(282):502.174  |2 MRF 
080 |a 627.4  |2 MRF 
080 |a (048.8)  |2 MRF 
100 1 |a Šlezingr, Miloslav,  |d 1960-  |7 jn19990209865  |4 aut 
245 1 0 |a Revitalizace toků :  |b příspěvek k problematice úprav vodních toků /  |c Miloslav Šlezingr 
250 |a 1. vyd. 
260 |a Brno :  |b VUTIUM,  |c 2010 
300 |a 255 s. :  |b il. (převážně barev.) ;  |c 23 cm 
504 |a Obsahuje bibliografii a rejstřík 
650 0 7 |a revitalizace vodních toků  |7 ph135429  |2 czenas 
650 0 7 |a úpravy vodních toků  |7 ph138836  |2 czenas 
650 0 9 |a revitalization of streams  |2 eczenas 
650 0 9 |a river regulations  |2 eczenas 
655 7 |a monografie  |7 fd132842  |2 czenas 
655 9 |a monographs  |2 eczenas 
910 |a ZLD002 
928 1 |a Vysoké učení technické v Brně 
928 9 |a Vysoké učení technické v Brně 
952 |0 0  |1 0  |4 0  |6 502ŠLEZINGRM  |7 0  |8 BOOK  |9 109916  |a UTBZL  |b UTBZL  |c 005  |d 2011-06-03  |l 0  |o 502/ŠLEZINGR,M.  |p 420010138518  |r 2019-08-26 00:00:00  |v 290.00  |w 2019-08-26  |x N:nákup;  |y 01 
992 |a BK  |b SK 
901 |b 9788021439429  |f 1. vyd.  |o 20110105 
999 |c 60069  |d 60069